| 000 | 00647nam a2200181Ia 4500 | ||
|---|---|---|---|
| 008 | 090123s9999 xx 000 0 und d | ||
| 082 | _b41226 | ||
| 100 | _aतांबे बालाजी | ||
| 245 | _aआयुर्वेदीय गर्भसंस्कार | ||
| 250 | _a1 | ||
| 260 |
_bसकाळ पेपर्स लि. _c2007 |
||
| 300 | _a212 | ||
| 600 | _aतांबे बालाजी | ||
| 630 | _aआयुर्वेदीय गर्भसंस्कार | ||
| 700 | _aतांबे बालाजी | ||
| 730 | _aआयुर्वेदीय गर्भसंस्कार | ||
| 942 | _cBOOK | ||
| 999 |
_c79301 _d79301 |
||